| 000 | 00753nam a22002295a 4500 | ||
|---|---|---|---|
| 005 | 20170103132814.0 | ||
| 008 | 170103s2015 gw frb 000 0 eng d | ||
| 020 | _a9783659674761 | ||
| 040 |
_aEG-ScBUE _beng _cEG-ScBUE _dEG-ScBUE |
||
| 043 | _aa-ja--- | ||
| 082 | 0 | 4 |
_222 _a320.0952 _bKHA |
| 100 | 1 | _aKhalil, Aliaa. | |
| 245 | 1 | 0 |
_aJapan : _ba future nuclear power ? : a tentative conclusion / _cAliaa Khalil. |
| 260 |
_aSaarbrücken : _bLAP LAMBERT Academic Publishing, _c2015. |
||
| 300 |
_ai, 109 p. : _c24 cm. |
||
| 504 | _aIncludes bibliographical references. | ||
| 590 | _aComposed by BUE academic. | ||
| 650 | 0 |
_2BUEsh _aNuclear industry _zJapan. |
|
| 650 | 0 |
_aSecurity, International _zJapan. |
|
| 653 |
_bBUSBOL _cJanuary2017 |
||
| 942 | _2ddc | ||
| 999 |
_c23813 _d23785 |
||